000 00395nam a22001337a 4500
020 _a0-8273-2475-8
082 _a621.38153 HIL
100 _aHILSENRATH, FRED , PIERCE, BILL
_965468
245 _aDIGITAL LOGIC CIRCUITS ANS SYSTEMS
260 _aNEW YORK
_bDELMAR PUBLISHER
_c1988
300 _aXI,497 P
650 _aDIGITAL ELECTRONICS, SWITCHING CIRCUITS, LOGIC CIRCUITS
_965486
942 _cBK
999 _c573674
_d573674